01349nam a2200277 a 4500001001000000003000900010005001700019007000300036008004100039020001800080040002500098082002000123100005100143245012700194260003600321300002000357504002900377590002800406910000700434942001400441952012900455952017900584952017600763952011500939999001701054000027145DO-SdBNP20230201081922.0ta110329s2012 dr 000 0 spa d a9789945005332 aDO-SdBNPbspacBNPHU axxxxbS232c222 aSantana Marcano, Miguel Ángel,d1967-94893710aConcepción filosófica sobre la teoría del alma tricótoma de Platón de Atenas. /cMiguel Ángel Santana Marcano. aSanto Domingo :bBúho,c2012. a91 p. ;c23 cm. aBibliografía : p.89-91 aInventariado, 2023 / DG aDG 2ddccLBS1 001154708DSaGRbGRcMId2011-07-13iLF1l0oxxxx S232cp27145-30r2020-06-25te. 3w2020-06-25yLFDSZPréstamo en sala 0010718PDaPDbPDcHDd2011-03-29iLF1l0oxxxx S232cp27145-10r2020-06-25w2020-06-25yLFPDzPerteneció a la biblioteca personal de Germán Emilio Ornes.ZNo se presta 0010718PDaPDbPDcCTd2011-07-13iLF1l0oxxxx S232cp27145-20r2020-06-25te. 2w2020-06-25yLFPDzPerteneció a la biblioteca personal de Viviani Luna.ZNo se presta 00102ddc56708DSaBNPHUbBNPHUcCTd2023-02-01l0oxxxx S232cp2023-0491r2023-02-01te.4w2023-02-01yLBS1 c26637d26637